| 000 | 00750nam a22002777a 4500 | ||
|---|---|---|---|
| 008 | 131202b xxu||||| |||| 00| 0 eng d | ||
| 020 | _a0-7216-8677-x | ||
| 024 | _cAvailable | ||
| 037 | _cAvailable | ||
| 040 |
_aMBSTU LIBRARY _dMBSTU LIBRARY |
||
| 082 |
_222 _a612 GUT |
||
| 100 | _aGuyton. | ||
| 110 | _aHall. | ||
| 245 | _aTextbook of medical physiology. | ||
| 250 | _a10th | ||
| 260 |
_aIndia _bHarcourt Asia Pvt. Ltd. _c2000 |
||
| 300 |
_a28 cm. _b1064 page _f4 _g28 cm. |
||
| 600 | _2Human physiology. | ||
| 650 | _2Human physiology. | ||
| 700 | _aGuyton. | ||
| 710 | _aHall. | ||
| 270 |
_aIndia _bIndia _dIndia |
||
| 365 |
_b3239.00 _d3239.00 |
||
| 942 |
_2ddc _cBK |
||
| 999 |
_c917 _d917 |
||